| 000 | 00628cam a22002171 4500 | ||
|---|---|---|---|
| 001 | 6509632 | ||
| 003 | ARRUPE | ||
| 005 | 20150107133601.0 | ||
| 008 | 750613s1953 enk 000 1 eng | ||
| 010 | _a 53026875 | ||
| 015 | _aGB53-4130 | ||
| 035 | _a(OCoLC)1390553 | ||
| 040 |
_aDLC _cFO _dOCoLC _dViBlbV _dUk _dDLC |
||
| 050 | 0 | 0 | _aSPC PR9369.3.V3.F3 |
| 100 | 1 |
_aVan der Post, Laurens. _913076 |
|
| 245 | 1 | 4 |
_aThe face beside the fire _ba novel. _c/ Laurens Van Der Post |
| 260 |
_aLondon, _bHogarth Press, _c1953. |
||
| 300 |
_a311 p. _c21 cm. |
||
| 906 |
_a7 _bcbc _coclcrpl _du _encip _f19 _gy-gencatlg |
||
| 942 |
_2lcc _cSPC |
||
| 999 |
_c121395 _d121395 |
||